| 000 | 11347nam a22007577a 4500 | ||
|---|---|---|---|
| 005 | 20120213122026.0 | ||
| 010 | _aB-451271-315 | ||
| 020 |
_a9788173093616 _c250.00 |
||
| 035 | _aB-451271-315 | ||
| 037 | _bके.के. पब्लिकेशन्स | ||
| 082 | _a921 | ||
| 100 |
_aनेहरू, जवाहरलाल _942834 |
||
| 245 |
_aमेरी कहानी : _bएक यशस्वी जीवन की गाथा / _cजवाहरलाल नेहरू; हरिभाऊ उपाध्याय द्वारा हिन्दी में संपादित |
||
| 246 |
_aMeri kahani _bby Jwaharlal Nehru |
||
| 260 |
_aनई दिल्ली _bसस्ता साहित्य मण्डल _c2011 |
||
| 270 |
_aएन-77, पहली मंजिल, कनॉट सर्कस, _bनई दिल्ली _e110001 _k23310505, 41523565 |
||
| 300 |
_a728 पृ. _bरंगीन फोटो _c22सेमी (सजिल्द) |
||
| 700 |
_aउपाध्याय, हरिभाऊ _941742 |
||
| 942 |
_2ddc _cHN _h921 _mनेहरू |
||
| 999 |
_c62623 _d62623 |
||